<?xml version="1.0" encoding="UTF-8"?>
<record
    xmlns:xsi="http://www.w3.org/2001/XMLSchema-instance"
    xsi:schemaLocation="http://www.loc.gov/MARC21/slim http://www.loc.gov/standards/marcxml/schema/MARC21slim.xsd"
    xmlns="http://www.loc.gov/MARC21/slim">

  <leader>01437njm a22002657a 4500</leader>
  <controlfield tag="005">20100908101411.0</controlfield>
  <controlfield tag="007">sd ammalaaahaa</controlfield>
  <controlfield tag="008">100908t        xxu||||| |||| 00| 0 hin d</controlfield>
  <datafield tag="028" ind1=" " ind2=" ">
    <subfield code="a">N. 54564</subfield>
    <subfield code="b">His Master's Voice</subfield>
  </datafield>
  <datafield tag="035" ind1=" " ind2=" ">
    <subfield code="a">GR-01302</subfield>
  </datafield>
  <datafield tag="040" ind1=" " ind2=" ">
    <subfield code="a">SED/VEN</subfield>
  </datafield>
  <datafield tag="100" ind1=" " ind2=" ">
    <subfield code="a">Mukesh</subfield>
    <subfield code="9">18798</subfield>
  </datafield>
  <datafield tag="245" ind1=" " ind2=" ">
    <subfield code="a">Mohabbat isko kahete hain :</subfield>
    <subfield code="b">Hindustani /</subfield>
    <subfield code="c">by Mukesh &amp; Asha Bhosle ; music by Khaiyyam ; lyric by Majrooh</subfield>
    <subfield code="h">[Sound recording] :</subfield>
  </datafield>
  <datafield tag="246" ind1=" " ind2=" ">
    <subfield code="a">&#x92E;&#x94B;&#x939;&#x92C;&#x94D;&#x92C;&#x924; &#x907;&#x938;&#x915;&#x94B; &#x915;&#x939;&#x947;&#x924;&#x947; &#x939;&#x948;&#x902; (&#x92E;&#x941;&#x915;&#x947;&#x936; &amp; &#x906;&#x936;&#x93E; &#x92D;&#x94B;&#x938;&#x932;&#x947; )</subfield>
  </datafield>
  <datafield tag="260" ind1=" " ind2=" ">
    <subfield code="a">Dum Dum India</subfield>
    <subfield code="b">His Master's Voice</subfield>
  </datafield>
  <datafield tag="300" ind1=" " ind2=" ">
    <subfield code="a">1 sound disc [Gramophone] :</subfield>
    <subfield code="b">analog, 33 1/3 rpm</subfield>
    <subfield code="c">10 in.</subfield>
    <subfield code="f">Gramophone Record</subfield>
  </datafield>
  <datafield tag="500" ind1=" " ind2=" ">
    <subfield code="a">Brief Record</subfield>
  </datafield>
  <datafield tag="505" ind1=" " ind2=" ">
    <subfield code="a">humse hotee mohabbat part 1 (mohabbat isko kahete hain )(mukesh) &#x939;&#x92E;&#x938;&#x947; &#x939;&#x94B;&#x924;&#x940; &#x92E;&#x94B;&#x939;&#x92C;&#x94D;&#x92C;&#x924; &#x92A;&#x93E;&#x930;&#x94D;&#x91F; &#x967; (&#x92E;&#x94B;&#x939;&#x92C;&#x94D;&#x92C;&#x924; &#x907;&#x938;&#x915;&#x94B; &#x915;&#x939;&#x947;&#x924;&#x947; &#x939;&#x948;&#x902; ) (&#x92E;&#x941;&#x915;&#x947;&#x936; ) meri nigah ne part 2 (mohabbat isko kahete hain) (Mohd. Rafi) &#x92E;&#x947;&#x930;&#x940;  &#x928;&#x93F;&#x917;&#x93E;&#x939; &#x928;&#x947; &#x92A;&#x93E;&#x930;&#x94D;&#x91F; &#x968; (&#x92E;&#x94B;&#x939;&#x92C;&#x94D;&#x92C;&#x924; &#x907;&#x938;&#x915;&#x94B; &#x915;&#x939;&#x947;&#x924;&#x947; &#x939;&#x948;&#x902; ) (&#x92E;&#x94B;&#x939;&#x92E;&#x926; &#x930;&#x92B;&#x93C;&#x940; )</subfield>
  </datafield>
  <datafield tag="650" ind1=" " ind2=" ">
    <subfield code="a">Classical Music</subfield>
    <subfield code="x">Excerpts</subfield>
    <subfield code="z">India</subfield>
    <subfield code="9">18809</subfield>
  </datafield>
  <datafield tag="700" ind1=" " ind2=" ">
    <subfield code="a">Asha Bhosle</subfield>
    <subfield code="9">18810</subfield>
  </datafield>
  <datafield tag="700" ind1=" " ind2=" ">
    <subfield code="a">Khaiyyam</subfield>
    <subfield code="9">18811</subfield>
  </datafield>
  <datafield tag="700" ind1=" " ind2=" ">
    <subfield code="a">Majrooh</subfield>
    <subfield code="9">18825</subfield>
  </datafield>
  <datafield tag="942" ind1=" " ind2=" ">
    <subfield code="2">ddc</subfield>
    <subfield code="c">GR</subfield>
  </datafield>
  <datafield tag="999" ind1=" " ind2=" ">
    <subfield code="c">44365</subfield>
    <subfield code="d">44365</subfield>
  </datafield>
  <datafield tag="952" ind1=" " ind2=" ">
    <subfield code="0">0</subfield>
    <subfield code="1">0</subfield>
    <subfield code="2">ddc</subfield>
    <subfield code="4">0</subfield>
    <subfield code="7">1</subfield>
    <subfield code="8">NFIC</subfield>
    <subfield code="a">L</subfield>
    <subfield code="b">L</subfield>
    <subfield code="d">2010-09-08</subfield>
    <subfield code="e">SED/VEN</subfield>
    <subfield code="l">0</subfield>
    <subfield code="p">GR-01302</subfield>
    <subfield code="r">2010-09-08 00:00:00</subfield>
    <subfield code="t">1</subfield>
    <subfield code="w">2010-09-08</subfield>
    <subfield code="y">GR</subfield>
  </datafield>
</record>
